[Event "KOS Cup"]
[Site "Pristina"]
[Date "2020.02.09"]
[Round "1.9"]
[White "Bytyqi, Gzim"]
[Black "Rama, Rame"]
[Result "0-1"]
[WhiteElo "1956"]
[BlackElo "2000"]
[PlyCount "90"]
[EventDate "2020.02.09"]
[EventType "k.o."]
[EventRounds "5"]
[EventCountry "KOS"]
[SourceTitle "CBM 195 Extra"]
[Source "ChessBase"]
[SourceDate "2020.05.31"]
[SourceVersion "1"]
[SourceVersionDate "2020.05.31"]
[SourceQuality "1"]

1. d4 d5 2. Bf4 Bf5 3. e3 c6 4. Bd3 e6 5. Nf3 Bb4+ 6. c3 Bxd3 7. Qxd3 Bd6 8. Bg5 f6 9. Bh4 Ne7 10. Nbd2 Nd7 11. Bg3 Qc7 12. e4 0-0 13. Nf1 Rfe8 14. Ne3 Rad8 15. Bxd6 Qxd6 16. 0-0 dxe4 17. Qxe4 Nd5 18. Nc4 Qc7 19. Rfe1 Re7 20. Ne3 Nf4 21. Rad1 Nf8 22. Qc2 Red7 23. Qb3 Qa5 24. Nd2 Qg5 25. Kh1 Nd3 26. Ne4 Qg6 27. Rxd3 Qxe4 28. Rdd1 Qf4 29. Kg1 h5 30. Qc4 h4 31. Qf1 Kf7 32. g3 hxg3 33. hxg3 Qg5 34. Qh3 Re7 35. f4 Qb5 36. f5 Rde8 37. c4 Qxb2 38. Qh5+ Kg8 39. Re2 Qc3 40. Nd5 cxd5 41. Rh2 Qxg3+ 42. Kh1 exf5 43. Rg1 Re1 44. Qh8+ Kf7 45. Rhg2 Rxg1+ 0-1

[Event "EU-ch 20th"]
[Site "Skopje"]
[Date "2019.03.28"]
[Round "10"]
[White "Chigaeva, Anastasia"]
[Black "Bytyqi, Gzim"]
[Result "1-0"]
[WhiteElo "2167"]
[BlackElo "1994"]
[PlyCount "84"]
[EventDate "2019.03.18"]
[EventType "swiss"]
[EventRounds "11"]
[EventCountry "MKD"]
[SourceTitle "CBM 189"]
[Source "ChessBase"]
[SourceDate "2019.04.29"]
[SourceVersion "1"]
[SourceVersionDate "2019.04.29"]
[SourceQuality "1"]

1. d4 Nf6 2. c4 g6 3. Nc3 d5 4. e3 Bg7 5. Qb3 c6 6. Nf3 0-0 7. Be2 dxc4 8. Bxc4 b5 9. Be2 a6 10. 0-0 Qc7 11. e4 Be6 12. Qc2 Rc8 13. h3 Ne8 14. Be3 f6 15. Rac1 Bf7 16. Rfd1 e6 17. Qd2 Rd8 18. Qe1 Nd7 19. d5 c5 20. dxe6 Bxe6 21. Nd5 Bxd5 22. Rxd5 Bf8 23. Nd4 Kf7 24. Bg4 Ng7 25. Bh6 Qb7 26. Bxg7 cxd4 27. Bxf8 Nxf8 28. Rdc5 Ra7 29. Qa5 Qe7 30. Rc7 Rxc7 31. Rxc7 Nd7 32. Qxa6 f5 33. Bd1 Qxe4 34. Qxb5 Ke7 35. Qb4+ Kf6 36. Qd6+ Kg5 37. Qb4 Kf6 38. Bf3 Qf4 39. Rc6+ Kg5 40. Qe7+ Kh6 41. Qxd8 Ne5 42. Qf8+ Kg5 1-0